[Event "Baku FIDE GP"]
[Site "Baku"]
[Date "2014.10.14"]
[Round "11"]
[White "Grischuk, Alexander"]
[Black "Dominguez Perez, Leinier"]
[Result "1-0"]
[WhiteElo "2797"]
[BlackElo "2751"]
[Annotator "Havasi,G"]
[PlyCount "79"]
[EventDate "2014.10.02"]
[EventType "tourn"]
[EventRounds "11"]
[EventCountry "AZE"]
[EventCategory "21"]
[SourceTitle "CBM 163"]
[Source "ChessBase"]
[SourceDate "2014.11.11"]
[SourceVersion "1"]
[SourceVersionDate "2014.11.11"]
[SourceQuality "1"]

1. Nf3 c5 {Black gives White a chance to transpose to the Sicilian.} 2. e4 {
White takes this chance.} d6 3. d4 cxd4 4. Nxd4 Nf6 5. Nc3 a6 6. h3 {This line
is very popular nowadays.} e6 {Black chooses the Scheveningen setup.} 7. g4
Nfd7 {Black immediately prepares for g5. 7...d5 is more popular, which leads
to positional play.} 8. g5 (8. Bg2 {is more popular. Here is an example:} Be7
9. Be3 Nc6 10. h4 Nde5 11. g5 Bd7 12. Nxc6 Bxc6 13. b3 $13 {Anand-Topalov,
Khanty-Mansiysk 2014}) 8... b5 {Black wants to develop the queenside first.} (
8... Be7 {is also possible.}) 9. a3 {White decides to prevent ...b4.} (9. Bg2
Bb7 $13) 9... Bb7 10. h4 Be7 11. Be3 O-O 12. f4 $146 {This is the novelty.} (
12. Qd2 {was played before:} Nc6 13. O-O-O Nxd4 14. Bxd4 Rc8 15. Rg1 Ne5 16.
Qe3 Nc4 17. Bxc4 Rxc4 18. f4 $36 {White had a nice position in Vallejo
Pons-Topalov, Leon 2012}) 12... Nc6 13. Rh3 {White goes off the diagonal of
the B and defends the f3-square after an eventual Nce5.} ({In the event of the
more natural} 13. Qd2 {Black can play} Nc5 (13... Rc8) 14. Bg2 Nxd4 (14... Na5
15. b3) 15. Bxd4 Rc8 {and Black wants to follow up with ...a5.} (15... a5 16.
Bxc5 $1 dxc5 17. Qxd8 Raxd8 18. Nxb5 $14) {White can't play} 16. O-O-O {
because of} a5 $1 $40) 13... Rc8 (13... Nc5 {was also possible with the plan of
} 14. Qe2 Nxd4 15. Bxd4 e5 $13) 14. f5 ({In the event of} 14. Qd2 {Black has
nice counterplay after} Nc5 (14... Nxd4 $5 15. Bxd4 e5) 15. Nxc6 Bxc6 16. Bg2
a5 $1 $132) (14. Nxc6 Bxc6 15. Qd2 Nc5 {transposes to 11.Qd2.}) 14... Nxd4 (
14... Nce5 {was a very active move} 15. Qd2 (15. fxe6 {is met by} Rxc3 $1 16.
bxc3 Nc5 $36) 15... Nc4 16. Bxc4 Rxc4 $13) 15. Qxd4 Nc5 {Black places the N on
c5, as it's attacking the centre and defending e6.} (15... Ne5 {would be worse}
16. O-O-O $14) 16. Bd2 (16. Rg3 Re8 $13) 16... Re8 {Black chooses a solid
preparatory move, but there were more aggressive possibilities.} (16... e5 17.
Qe3 $14) (16... exf5 {was a very interesting try to open the position, but
after} 17. exf5 f6 18. b4 $1 {White seems to be fine in this extremely
complicated position} Nd7 19. g6 $13) (16... f6 {also seems promising; White
has to play} 17. b4 $1 {otherwise the position falls apart} fxg5 (17... e5 18.
Qe3 Nd7 ({After the P sacrifice} 18... d5 {White plays} 19. exd5 Nd7 20. O-O-O
Nb6 21. Qf2 $1 $14 {with the plan of} Nxd5 22. Be1) 19. O-O-O (19. g6 hxg6 20.
Rg3 Nb6 $1 {with a very difficult position}) 19... Nb6 $13) 18. hxg5 $1 (18.
bxc5 $2 g4 $17) (18. Bxg5 Nd7 $132) 18... Nd7 19. fxe6 Ne5 $13) (16... d5 {
was also very good} 17. exd5 exd5 18. O-O-O Ne4 19. Nxe4 dxe4 $11) 17. O-O-O ({
The P sacrifice with} 17. f6 {also came into consideration} gxf6 18. O-O-O $44)
17... Qc7 (17... d5 {was also good with the plan of} 18. exd5 exf5 $1 (18...
exd5 19. Bf4 $1 $40) 19. Re3 Qc7 (19... Bd6 20. Rxe8+ Qxe8 21. Bf4 Qe7 22. Kb1
Re8 23. a4 $1 $36) 20. Qe5 (20. Bd3 g6 $13) 20... Ne4 21. Qxc7 Rxc7 22. Nxe4
fxe4 23. Bg2 Bxd5 24. Ba5 Rd7 25. Bxe4 Be6 $11) 18. f6 (18. Bd3 {was also
possible; a possible line is} exf5 19. exf5 d5 20. Kb1 $13) 18... Bf8 {This
move is the simplest and the strongest.} (18... e5 {was also interesting} 19.
Qe3 Nxe4 $1 20. Bd3 $3 (20. fxe7 d5 $1 $36) 20... Nxc3 (20... Nxd2 21. Qxd2 Bf8
(21... Qd7 22. Rg3 Bd8 23. Be2 $36) 22. fxg7 Bxg7 23. Bf5 e4 $1 24. Bxc8 Qxc8
25. Re3 Qc5 26. Kb1 $14 {and the position is very unclear, but White has the
better chances}) 21. Bxc3 d5 (21... Bf8 22. h5 $40) 22. Bxe5 (22. fxe7 {
leads to a forced draw after some only moves} d4 23. Bxh7+ $1 Kxh7 24. Rxd4 $1
exd4 25. Qxd4 f6 26. gxf6 Qc4 $1 27. Qf2 Qf7 $1 28. Rg3 Rxc3 $1 (28... Rg8 {
loses to} 29. Qf5+ g6 30. Qg5 Be4 31. Qf4 $18 {and Black destroys because of
the passed Ps}) 29. Rxg7+ Qxg7 30. fxg7 Rf3 31. Qg1 Bc6 32. h5 Rf6 33. Qg5 Rh6
34. Qf5+ Kxg7 35. Qg5+ $11) 22... Bd6 23. Bxd6 Rxe3 24. Bxc7 Rxh3 25. Bf5 Rxa3
(25... Rxc7 26. Re1 Rh1 27. Rxh1 gxf6 28. gxf6 Rc6 29. Rg1+ Kf8 30. Bxh7 $14)
26. bxa3 Rxc7 27. Re1 Bc6 28. Kb2 $14) 19. Bd3 (19. Bg2 {was also possible,
the bishop may be more harmonious on g2, but Black has the strong} a5 $1 (19...
d5 20. exd5 exd5 21. Bf4 $36) 20. Kb1 e5 $1 21. Qe3 Ne6 $1 {with a good play})
19... Qb6 {Black wants to play Nb3...} (19... d5 $1 {was the most principled
and the best move} 20. exd5 exd5 (20... Nxd3+ 21. Rxd3) 21. Bf5 $1 Ne6 (21...
Ne4 $5 22. Bxc8 Bc5 {is also good}) 22. Qg1 Qe5 (22... d4 $5) 23. Bxe6 Rxe6
$132) (19... Red8 {was also good to prepare ...d5.}) {, but White has} 20. Kb1
$1 {...which parries this threat.} Na4 $1 {Black decides to exchange the Qs to
relieve the pressure.} 21. Qxb6 Nxb6 22. Ne2 ({The suggestion of the computer
can hardly promise anything after} 22. Be2 d5 23. exd5 Nxd5 24. Nxd5 Bxd5 25.
fxg7 Bxg7 $11) 22... Nd7 (22... Nc4 {was also possible.}) 23. Rf1 Ne5 $6 {
Black's N isn't doing much on e5.} (23... Nc5 $1 {was very strong to attack
White's e4-pawn} 24. fxg7 (24. Ng3 d5 25. exd5 Bxd5) 24... Bxg7 $132) 24. Nf4
Nd7 (24... Red8 25. Bc3 $14) 25. Nh5 $1 {White is provoking Black to weaken
his kingside, to be able to attack it with h5.} (25. fxg7 {also came into
consideration if White doesn't want to allow ...g6} Bxg7 26. Nh5 $14) 25... g6
26. Nf4 ({The computer gives} 26. Ng3 {as the best move, when the only
possibility is} h5 $1 27. gxh6 Kh7 28. Bg5 Nc5 29. h5 $14 {and White's
position is promising}) 26... Nc5 (26... h5 $2 {loses to} 27. Nxg6 $1 $18) 27.
h5 $1 (27. Re1 {was also possible, but Black can play} h5 {or} (27... Nxd3 28.
cxd3 {followed by} h5) (27... d5 {is bad because of} 28. h5 $1 $36)) 27... gxh5
$2 {After this move White is winning.} (27... Nxe4 {was much better} 28. hxg6
hxg6 29. Rh2 $1 Nxd2+ 30. Rxd2 e5 $1 ({If Black doesn't want to allow White to
play Nxg6, he can try} 30... Rc7 {, but White has} 31. Rh2 $1 {when he makes
use of the h-file}) 31. Nxg6 e4 32. Nxf8 Rxf8 33. Be2 $14) 28. Re1 $1 e5 29.
Nxh5 d5 30. Ng3 $1 {White's position is already winning.} Rcd8 $2 {This move
allows White an immediate win.} (30... Nxd3 {was better, but} 31. cxd3 dxe4 32.
g6 $1 fxg6 33. f7+ Kxf7 34. Rxh7+ Bg7 35. Bh6 $18 {also loses.}) 31. Reh1 h6
32. Nf5 dxe4 33. Nxh6+ Kh7 34. Nxf7+ {White has many ways to win in this
position, but there was a mate in 4.} (34. Nf5+ $1 Kg6 35. Ng3 $1 exd3 36. Rh6+
Bxh6 37. Rxh6#) 34... Kg6 35. Nxd8 Rxd8 36. Ba5 Rxd3 (36... exd3 37. Bxd8 Bxh1
38. Rxh1 $18) 37. cxd3 exd3 38. Rh6+ (38. Rg1 $18) 38... Kxg5 39. Bd2+ Kf5 40.
Rf1+ 1-0

[Event "Moscow Petrosian Memorial"]
[Site "Moscow"]
[Date "2014.11.04"]
[Round "1"]
[White "Grischuk, Alexander"]
[Black "Inarkiev, Ernesto"]
[Result "1-0"]
[WhiteElo "2795"]
[BlackElo "2688"]
[Annotator "Marin,M"]
[PlyCount "91"]
[EventDate "2014.11.04"]
[EventType "tourn"]
[EventRounds "7"]
[EventCountry "RUS"]
[EventCategory "20"]
[SourceTitle "CBM 164"]
[Source "ChessBase"]
[SourceDate "2015.01.15"]
[SourceVersion "1"]
[SourceVersionDate "2015.01.15"]
[SourceQuality "1"]

1. Nf3 Nf6 2. c4 e6 3. g3 d5 4. Bg2 dxc4 {In the English/Reti opening, this
early capture is even more challenging than in the Catalan, because White
needs to remove the c4-pawn in order to develop his c1-bishop. On
manyoccasions this leads to real gambit play, without the pawn being recovered.
} 5. O-O $5 {When writing the corresponding volume of my English trilogy, I
did not pay attention to this move.} ({My main idea was avoiding the loss of
time caused by the main variation:} 5. Qa4+ Nbd7 6. Qxc4 a6 {Last year's
practice has shown there is some hidden poison in this line, too:} 7. Qb3 (7.
Qc2 c5 8. O-O b5 9. a4 Bb7 10. Nc3 Qb6 11. d3 Be7 12. axb5 axb5 13. Rxa8+ Bxa8
14. Qb3 Nd5 15. Bg5 Nxc3 16. Qxc3 f6 17. Bd2 O-O 18. Ra1 Bb7 19. Ne1 Bxg2 20.
Nxg2 Qc6 21. Qb3 c4 22. dxc4 bxc4 23. Qc2 Nb6 $11 {Aronian,L (2797)-Wojtaszek,
R (2744) Beijing 2014 (1-0, 53)}) 7... Rb8 8. O-O b5 9. a4 Bb7 10. axb5 axb5
11. d3 Be7 12. Bf4 Nd5 13. Bd2 O-O 14. Rc1 c5 15. Ba5 Qe8 16. Nbd2 N5f6 17.
Rab1 Bd5 18. Qd1 Ra8 19. b4 {After carrying out this thematic break, White
retained the more pleasant position, Aronian,L (2812)-Anand,V (2773) Zuerich
2014 (1-0, 73)}) ({My repertoire continuation was} 5. Na3 {when one of the
critical lines is} Bxa3 6. bxa3 b5 {Marin,M (2556)-Landa,K (2613) Reggio
Emilia 2008 CBM 128 [Marin,M] (0-1, 30)}) 5... Be7 $6 {Judging from the
ulterior course of the game, Inarkiev was surpised by White's move order.} ({
The most flexible move is} 5... Nbd7 {when White might have to tranpsose to
"my" lines with} 6. Na3 Bxa3 7. bxa3 {, after having avoided the positions
with ...b7-b5.}) ({Ten days later, the same players rehearsed the variation
again:} 5... a6 6. Qc2 Bd6 $5 (6... Nbd7) 7. Qxc4 b5 8. Qb3 c5 9. d3 Nc6 10. a4
Rb8 11. axb5 axb5 12. Nc3 O-O 13. Bg5 Be7 14. Rfc1 $14 {Grischuk,A (2795)
-Inarkiev,E (2688) Sochi (blitz) 2014 (½-½, 45)}) 6. Na3 $1 {Now that the
capture on a3 would be connected with the loss of a tempo, this is the best
move.} c5 ({Curiously, a strong grandmaster agreed to lose a tempo in such a
sharp position with} 6... Bxa3 $6 7. bxa3 (7. Qa4+ {also deserves attention:}
Bd7 8. Qxa3 Bc6 9. b3 $5 cxb3 10. axb3 Nbd7 11. d3 Nb6 12. Bb2 a6 13. Rfc1 $36
{[%csl Ge8] White is fully developed and has a pawn advantage in the centre.
On top of that, Black cannot castle easily.} Qd6 $2 14. Qa5 {[%cal Gb2e5,Gb2a3]
Black did not get closer to castling due to the threat of Ba3.} Bxf3 $2 15.
Bxf3 Rb8 16. Be5 {1-0 Szymczak,Z (2295)-Zielinski,O (1979) Ostroda 2008}) 7...
O-O 8. Qc2 ({Personally, I would prefer capturing the pawn with the rook, as
the best way of setting up pressure along the c-file but also against the
black castled position.} 8. Bb2 Nc6 9. Rc1 Re8 10. Rxc4 $14 {[%csl Rc7,Rg7,Rh7]
[%cal Gd1c2,Gc4h4]} e5 $2 11. Rxc6 bxc6 12. Nxe5 $16) 8... Nc6 9. Bb2 Re8 10.
Qxc4 e5 {Troyke,C (2364)-Graf,A (2620) Leipzig 2012 (0-1, 55)} 11. Ng5 Re7 12.
Bxc6 bxc6 13. Rac1) 7. Nxc4 {In the Reti and the Catalan Openings, retrieving
the pawn with the knight is always a success. The early queen development goes
somewhat against the classical rules.} Nc6 8. b3 O-O 9. Bb2 {This position has
long been known as very pleasant for White. I first became acquaianted with it
by reading Viacheslav Osnos' monography Debiut Reti, published in 1990. White
has very active development and the possibility of neutralising Black's space
advantage with d2-d4 at the most convenient moment.} Bd7 {The most rapid way
of developing, but one leaving White with unchallenged pressure along the
Catalan diagonal.} ({The main alternative is} 9... Nd5 10. d4 b5 11. Nce5 Nxe5
12. Nxe5 Bb7 13. Rc1 Rc8 14. dxc5 ({Actually, I would prefer maintaining the
tension with} 14. Qd2 cxd4 15. Rxc8 Qxc8 16. Qxd4 $14) 14... Bxc5 {The
developing} 15. Qd3 {looks better:} ({The classical treatment of the position,
recommended by Osnos, is:} 15. Nd3 Be7 ({Actually there is a slight tactical
problem:} 15... Ne3 $1 16. fxe3 Bxe3+ 17. Nf2 Bxc1 18. Bxc1 Bxg2 19. Kxg2 Qxd1
20. Rxd1 Rc2 $13 {with a complex ending with rook and pawn versus two minor
pieces.}) 16. Rxc8 Qxc8 17. Qa1 Nf6 18. Rc1 Qa8 19. Rc7 Bxg2 20. Rxe7 Nd5 21.
Rd7 Bh3 22. f3 f6 23. Nf2 $14 {Gutman,L (2485)-Sokolov,A (2555) Biel 1985 (0-1,
42)}) 15... a6 16. Rfd1 Qe7 (16... f6 $5) 17. e4 Nf6 18. Nd7 Nxd7 19. Qxd7 Bc6
20. Qxe7 Bxe7 21. Rd2 Rfd8 22. Rxd8+ Bxd8 23. e5 Bd7 24. Rd1 Be8 25. Bb7 {
White wins a pawn, Jianu,V (2502)-Krivokapic,M (2413) Skopje 2011 (1/2-1/2, 31)
}) 10. d4 Rc8 (10... cxd4 11. Nxd4 Rc8 12. Rc1 ({Osnos only mentions the
equally strong} 12. Nb5 a6 13. Nbd6 Rc7 14. Rc1 {in the spirit of the game
continuation, Stein,L-Tarve,U Tallinn 1969 (1-0, 39)}) 12... Nxd4 13. Qxd4 Bc6
14. Bxc6 ({The timid} 14. Rfd1 {can only be explained by the poor state of
health of the player with the white pieces in that year, 1/2-1/2 Tal,M (2610)
-Sokolov,A (2600) Reykjavik 1988}) (14. Qxa7 Ra8 15. Qe3 Bxg2 16. Kxg2 Qd5+ 17.
Qf3 Qxf3+ 18. Kxf3 Rxa2 $11) 14... Qxd4 (14... Rxc6 15. Qxa7 $16) 15. Bxd4 Rxc6
16. a4 {[%cal Gd4a7]} Ra8 (16... b6 17. Ne5 Rxc1 18. Rxc1 $16 {[%csl Gc6][%cal
Gc1c7]}) (16... a6 17. Na5 Rxc1 18. Rxc1 b5 19. Nc6 $36) 17. Na5 Rxc1 18. Rxc1
b6 19. Nc6 Bf8 20. b4 $14) (10... b5 11. Nce5 Nxe5 12. Nxe5 Rc8 13. Rc1 b4 14.
dxc5 Bxc5 15. Bb7 (15. Qd3 Qe7 16. Rfd1 Rfd8 17. Qa6 $16) 15... Rc7 16. Bc6 Qe7
{(1/2-1/2, 33) Dizdar,G (2505)-Boensch,U (2530) Portoroz 1987} 17. Nxd7 Nxd7
18. Bg2 $14) 11. dxc5 Bxc5 12. Nd6 $16 {It is obvious that Black landed in
this position as a consequence of the surprise on move 5. His situation is
critical already and at this level saving the game would almost be a miracle.}
Rc7 (12... Bxd6 13. Qxd6 Qe7 14. Qxe7 Nxe7 {Sellars,K (2209)-Hall,J (2204)
Toronto 2009 (1-0, 51)} 15. Ne5 $16) 13. Rc1 b6 $146 {The only way to avoid
resigning at once.} (13... Nb4 $4 14. Rxc5 Rxc5 15. Nxb7 $18 {Sarno,S (2358)
-Efimov,I (2494) Saint Vincent 1999 (1-0, 50)}) (13... Bb6 14. Nb5 Rc8 15. Ba3
Re8 16. Nd6 $18) 14. Ng5 Qe7 15. Nge4 {White is playing at his leisure and has
more than one promising moves.} (15. Bxf6 gxf6 (15... Qxf6 16. Nge4 Qe5 17.
Nxc5 bxc5 18. e3 $16) 16. Nb5 Rcc8 17. Ne4 $16 {[%csl Gc5][%cal Gd1d7]}) 15...
Nxe4 16. Nxe4 Rd8 (16... Bb4 17. Be5 Rcc8 18. Bd6 Bxd6 19. Nxd6 Rc7 20. Qd2 $16
) 17. Nxc5 bxc5 $16 {Bishop pair, better coordination, black queenside
weaknesses..} 18. Qe1 Rcc8 19. Qc3 Nd4 20. Rfe1 f6 21. e3 Nb5 22. Qa5 Be8 23.
Red1 $6 {A strong move, completing the development, but... not the most
effective. Grischuk might not have been prepared for reaching a winning
position so easily, otherwise he might have looked for the finishing stroke:} (
23. a4 $1 Nd6 (23... Nc7 24. Qxa7 $18) 24. Ba3 $18 {White wins a pawn and
keeps an overwhelming initiative.}) 23... Qc7 24. Qxc7 Rxd1+ 25. Rxd1 Nxc7 26.
Rc1 Rd8 (26... Nd5 27. Ba3 $18 {[%csl Gc5]}) 27. Bc3 Nd5 28. Ba5 Nb6 29. Bf1
Bg6 30. f3 $1 {A strong positional move, restricting the g6-bishop. Apart from
preventing ...Be4, White gets ready to play e3-e4 at any time.} Rc8 31. Ba6 Rc6
32. Bb5 Rc8 33. b4 c4 (33... cxb4 34. Rxc8+ Nxc8 35. Bd7 Ne7 36. Bxe6+ Bf7 37.
Bxf7+ Kxf7 38. Bxb4 $18) 34. Bxb6 axb6 35. Rxc4 Rd8 36. Rd4 Rc8 37. a4 Rc3 $6 {
This attempt at obtaining counterplay will only speed up the defeat.} ({
Black should have looked for saving chances in a rook ending:} 37... Be8 38.
Bxe8 Rxe8 39. Rd6 Ra8 40. Rxe6 Rxa4 41. Rxb6 Ra3 {In this moment, the move
f2-f3 does not look so good anymore, but chess is like this, what is good at a
certain moment could well be unfavourable later.} 42. g4 (42. Kf2 Ra2+) 42...
Rxe3 43. Kf2 Rb3 44. h4 {Due to his kingside space advantge, White has better
winning chances than in the usual rook ending with the extra b-pawn.}) 38. Rd6
Rxe3 39. Kf2 Rb3 40. Rxb6 Rb2+ ({The b4-pawn is posioned:} 40... Rxb4 $2 41.
Rb8+ Kf7 42. Be8+ Ke7 43. Rxb4 $18) 41. Ke3 Rb3+ {This series of checks only
activates the white king, but Black did not have anything worth recommending.}
42. Kd4 e5+ 43. Kc5 Rxf3 44. Bc4+ Kf8 (44... Bf7 45. Rb8#) 45. Kd6 Be8 46. Rb8
{[%cal Gc4b5]} 1-0